<?xml version="1.0" encoding="UTF-8"?>
<collection xmlns="http://www.loc.gov/MARC21/slim">
 <record>
  <leader>00878pamaa2200217   4500</leader>
  <controlfield tag="001">0000052860</controlfield>
  <controlfield tag="005">20140819090000.0</controlfield>
  <controlfield tag="008">140819s2011                        eng  </controlfield>
  <datafield tag="020" ind1="0" ind2="0">
   <subfield code="a">9780123820204 (electronic bk) </subfield>
  </datafield>
  <datafield tag="090" ind1="0" ind2="0">
   <subfield code="a">QA76.9.D26 </subfield>
   <subfield code="b">DAT 2011eb</subfield>
  </datafield>
  <datafield tag="245" ind1="1" ind2="0">
   <subfield code="a">Database modeling and design [</subfield>
   <subfield code="m">electronic resource] : </subfield>
   <subfield code="b">logical design  </subfield>
   <subfield code="c">Toby Teorey ... [et al.].</subfield>
  </datafield>
  <datafield tag="250" ind1="0" ind2="0">
   <subfield code="a">5th ed.</subfield>
  </datafield>
  <datafield tag="260" ind1="0" ind2="0">
   <subfield code="a">Amsterdam : Elsevier; Burlington, MA: </subfield>
   <subfield code="b">Morgan Kaufmann, </subfield>
   <subfield code="c">2011.</subfield>
  </datafield>
  <datafield tag="300" ind1=" " ind2=" ">
   <subfield code="a">1 online resource (xiv, 304, [28]): </subfield>
   <subfield code="b">ill..</subfield>
  </datafield>
  <datafield tag="440" ind1="0" ind2="0">
   <subfield code="a">Morgan Kaufmann series in data management systems</subfield>
  </datafield>
  <datafield tag="504" ind1="0" ind2="0">
   <subfield code="a">Includes bibliographical references and index</subfield>
  </datafield>
  <datafield tag="650" ind1="0" ind2="0">
   <subfield code="a">Database design </subfield>
  </datafield>
  <datafield tag="650" ind1="0" ind2="0">
   <subfield code="a">Relational databases </subfield>
  </datafield>
  <datafield tag="700" ind1="1" ind2="1">
   <subfield code="a">Teorey, </subfield>
   <subfield code="h">Toby J. </subfield>
  </datafield>
  <datafield tag="856" ind1="4" ind2="0">
   <subfield code="u">http://www.sciencedirect.com/science/book/9780123820204</subfield>
  </datafield>
  <datafield tag="901" ind1=" " ind2=" ">
   <subfield code="u">http://www.sciencedirect.com/science/book/9780123820204</subfield>
  </datafield>
 </record>
</collection>
